Statistics for Countries Capital's General Knowledge #2

Click here to take the quiz!

General Stats

  • This quiz has been taken 61 times
  • The average score is 9 of 10

Answer Stats

CountryCapital% Correct
MexicoMexico city
98%
ThailandBangkok
95%
BrazilBrasilia
93%
CanadaOttawa
93%
LuxembourgLuxembourg
90%
New ZealandWellington
90%
ColombiaBogota
86%
AlgeriaAlgiers
84%
BoliviaLa Paz
83%
MontenegroPodgorica
52%

Score Distribution

Percentile by Number Answered

Percent of People with Each Score

Your Score History

You have not taken this quiz